| 000 | 00483nam a2200193Ia 4500 | ||
|---|---|---|---|
| 005 | 20250603145049.0 | ||
| 008 | 250603s9999 xx 000 0 und d | ||
| 020 | _a9780128014998 | ||
| 050 | _aTN 880 .M65/ | ||
| 100 | _aMokhatab, Saeid | ||
| 245 | 0 | _aHandbook of natural gas transmission and processing: principles and practices | |
| 250 | _a3rd ed. | ||
| 260 | _aNew York | ||
| 260 | _bElsevier | ||
| 260 | _c2015 | ||
| 300 | _a597 p | ||
| 650 | _aNew York | ||
| 942 | _cBK | ||
| 999 |
_c40762 _d40762 |
||